000 01589cam a2200421 4500
001 197496
003 ES-MaACL
005 20250805062639.0
008 021015s2002 sp | ||| ||spa
016 7 _abimoBNE20020722461
_2SpMaBN
017 _aJ 267-2002
_bOficina Depósito Legal Jaén
020 _a8495244748
035 _a(OCoLC)51559818
035 _a(SpMaBN)bimo0001814045
035 _a991011160849708606
040 _aSpMaBN
_bspa
_cSpMaBN
_erdc
080 _a726.54(460.352 Úbeda)
100 1 _aMontes Bardo, Joaquín
_eaut
_9240839
240 1 3 _aLa sacra capilla de El Salvador de Úbeda
245 1 3 _aLa sacra capilla de El Salvador de Úbeda :
_barte, mentalidad y culto /
_cJoaquín Montes Bardo
250 _a2ª edición revisada y aumentada
260 _aÚbeda (Jaén) :
_bEl Olivo,
_c2002
300 _a224 páginas :
_bil. ;
_c21 cm
336 _2rdacontent
_atexto
337 _2rdamedia
_asin mediación
338 _2rdacarrier
_avolumen
490 1 _aColección Aldaba
504 _aBibliografía: p. [219]-224
594 _aEn la portada: Centro Asociado "Andrés de Vandelvira"
610 2 7 _aSacra Capilla de El Salvador
_2embne
_9240840
830 0 _aColección Aldaba
_9240841
852 _aES-MaACL
_cDEPO1
_jA-15589
_hDonación: Fernando Codina Rodríguez
_xEncuadernación rústica con solapas
_9205936
903 _aCodina Rodríguez, Fernando
_ednr
_9238631
942 _2udc
_cMONOGRAFIA
_n0
999 _c197496
_d197496